00806nam a2200181 a 4500003000200000005001700002008004100019050002900060100001800089245013500107260009200242300004400334504004100378650005100419650005000470650005300520650005100573020250310111128.0080730s19uu xx 00 eng d aPGS LB 3251 b.C454 2008 aChan, Lee Ye. aPerceptions of grades 9, 10 and 11 ILC students on the learning environment in the Upper School Science laboratory /cLee Ye Chan. aLas Piñas City, Philippines : bSouthville International School and Colleges,c2008. a38 pages : billustrations ; c28 cm. aIncludes bibliographical references. aLearning environment — Secondary education.  aScience laboratories — Educational aspects. aStudent attitudes toward learning environments.  aSecondary school science — Teaching methods.